| 000 | 00982nam a2200217 i 4500 | ||
|---|---|---|---|
| 001 | 182476 | ||
| 003 | ES-MaACL | ||
| 005 | 20250615063046.0 | ||
| 008 | 130821s1822 sp |||| | spa d | ||
| 110 | 1 |
_aEspaña. _bCortes Generales. _93668 _eisb |
|
| 245 | 1 | 0 |
_aProyecto de Ley Orgánica de Sanidad Pública de la monarquía española / _cformado por la Comisión nombrada en Real Orden de 20 de junio de 1820, con arreglo al Decreto del rey de 14 del mismo mes y año |
| 260 |
_aMadrid : _bImp. de Alban y Compañía, _c1822. |
||
| 300 |
_a207, [1] p. ; _c19 cm. |
||
| 530 | _aDisponible en formato digital | ||
| 650 | 0 | 4 |
_aSalud pública- _zEspaña. _916974 |
| 852 |
_aES-MaACL _jT-369-F-6 _cDEPOF _hDonativo de la Sociedad de Escolares Médicos |
||
| 856 | 4 | 1 |
_uhttp://bdh-rd.bne.es/viewer.vm?id=0000072349&page=1 _yVersión en línea _z(Biblioteca Digital Hispánica) |
| 942 |
_2udc _cFOLLETOS _n0 |
||
| 999 |
_c182476 _d182476 |
||